000 00219nam a2200097Ia 4500
005 20251222114353.0
008 251222s1900||||xx |||||||||||||| ||spa||
082 _aDVD0111/A41/2000
245 0 _aFantasia 2000:
942 _cDVD
999 _c1307
_d1307